Name 20 makeupbrands in one minute - Statistics

General Stats
  • This quiz has been taken 817 times
  • The average score is 6 of 20
Answer Stats
Hint Answer % Correct
New York Maybelline
70%
Lipsticks is a clue MAC
57%
Eyes, lips, face Elf
49%
A store Sephora
48%
True Loreal
47%
Chocolate Too Faced
46%
Doublewear Estee Lauder
36%
Brows Anastasia
35%
Butter Nyx
35%
Really Famous brand at Sephora Benefit
30%
Dewy Foundations Nars
28%
Eyeshadows Urban Decay
28%
Powder foundations Tarte
25%
Same as Maxfactor Covergirl
23%
Match Rimmel
23%
lipbutter Revlon
22%
Tan de soleil Chanel
20%
Nordstrøm Lancome
9%
amazing blushes Milani
8%
Drugstore Wet n Wild
3%
No matching quizzes found
Score Distribution
Percent of People with Each Score
Percentile by Number Answered
Your Score History
You have not taken this quiz